000 00474nas a22001697i 4500
001 7960
003 OSt
005 20170126082405.0
007 tu
008 161220s xxu||||| |||| 00| 0 d
024 7 _a7960
_2RID
040 _cOSt
245 0 0 _aWirtschaftsnachrichten Donauraum
_bUnabhängiges Wirtschaftsmagazin für Oberösterreich, Niederösterreich, Wien & Nordburgenland
260 _aGraz :
_bWirtschaftsnachrichten.
110 2 _aWolfgang Hasenhütl
866 0 _u2010/05
942 _cJ
999 _c6712
_d6712